Statistics for Top 50 Largest Airports in the world

Click here to take the quiz!

General Stats

  • This quiz has been taken 34 times
  • The average score is 34 of 49

Answer Stats

CountryAnswer% Correct
UKLondon (Heathrow)
94%
USALos Angeles
91%
UAEDubai (International)
88%
MexicoMexico City
88%
JapanTokyo (Narita)
88%
RussiaMoscow (Domododevo)
88%
RussiaMoscow (Sheremetyevo)
88%
IndiaDelhi
88%
TurkeyIstanbul (Ataturk)
88%
TurkeyIstanbul (Seira Gocken)
88%
USAChicago (O'Hare)
88%
FranceParis (CDG)
88%
ChinaShanghai (Pudong)
88%
SpainMadrid
88%
NetherlandsAmsterdam
85%
USANew York (JFK)
85%
USADallas
85%
SpainBarcelona
85%
IndiaMumbai
85%
ChinaBeijing (Capital)
85%
PhilippinesManila
82%
ItalyRome
82%
SwitzerlandZurich
82%
IndonesiaJakarta
82%
USASan Francisco
82%
South KoreaSeoul (Incheon)
82%
ThailandBangkok (Suvarnabhumi)
79%
ThailandBangkok (Don Muaeng)
79%
JapanOsaka (Kansai)
76%
USADenver
76%
IndiaKolkata
76%
PakistanKarachi
71%
QatarDoha
68%
USAWashington DC (Dulles)
68%
ChinaGuangzhou
65%
IndiaChennai
65%
USALas Vegas
65%
USAOrlando
62%
ChinaXi'an
53%
IndiaBengaluru
50%
ChinaShenzhen
41%
ChinaChengdu
38%
IndiaHyderabad
35%
USASalt Lake City
29%
Saudi ArabiaDammam
24%
ChinaKunming
18%
USAKansas City
12%
ChinaUrumqi
9%
IndiaKochi (Cochin)
6%

Score Distribution

Percentile by Number Answered

Percent of People with Each Score

Your Score History

You have not taken this quiz